00518nam a2200169 a 4500008004100000020001500041050002300056100002000079245008100099260002800180300002200208350000900230490002100239650003700260650002900297700002200326061204s2005 ||||||||||||||||| || u a286978158X aCODESRIA(02)2005/5 aRao, Musunuru S10aPotential impacts of the new global financial architecture on poor coutries. aSenegalbCODESRIAc2005 avii ; 69p. ; ill. a0.00 aMonograph series aARCHITECTURAL DESIGN--EVALUATION aFINANCIAL-- ARCHITECTURE aSoludo, Charles C